LEADER 02780nam 2200601Ia 450 001 9910450385703321 005 20200520144314.0 010 $a1-280-50953-8 010 $a9786610509539 010 $a1-84544-792-1 035 $a(CKB)1000000000242842 035 $a(EBL)253959 035 $a(OCoLC)62534487 035 $a(SSID)ssj0000465306 035 $a(PQKBManifestationID)11310573 035 $a(PQKBTitleCode)TC0000465306 035 $a(PQKBWorkID)10439023 035 $a(PQKB)10365579 035 $a(MiAaPQ)EBC253959 035 $a(Au-PeEL)EBL253959 035 $a(CaPaEBR)ebr10103400 035 $a(CaONFJC)MIL50953 035 $a(OCoLC)133169029 035 $a(EXLCZ)991000000000242842 100 $a20000815d2005 uy 0 101 0 $aeng 135 $aurcn||||||||| 181 $ctxt 182 $cc 183 $acr 200 00$aAccounting research and the public interest$b[electronic resource] /$fguest editors: Dean Neu and Cameron Graham 210 $aBradford, England $cEmerald Group Publishing$dc2005 215 $a1 online resource (129 p.) 225 0 $aAccounting, auditing & accountability journal ;$vv. 18, no. 5 300 $aDescription based upon print version of record. 311 $a1-84544-791-3 327 $aCONTENTS; EDITORIAL ADVISORY BOARD; Editorial; Accounting for the public interest: public ineffectuals or public intellectuals?; The rules are no game; Accounting for the public interest: a Japanese perspective; Public sector reforms and the public interest; Accounting and the public interest; What is the meaning of "the public interest"?; Call for papers; Announcement: APIRA 2007; Contents page for Pacific Accounting Review 330 $aThis e-book seeks to promote not just accounting in the public interest, but accounting(s) that are in the public interest(s). The included studies encourage us to reconsider some of our previously held preconceptions of how accounting impacts public interests. They also challenge us to explore how various public interests impact various aspects of accounting. Through a consideration of the intersection of accounting and the public interest in a variety of settings, these studies remind us of the multi-faceted nature of the nexus between accounting technologies, policies, practices, and society 606 $aAccounting 606 $aFinance, Public 608 $aElectronic books. 615 0$aAccounting. 615 0$aFinance, Public. 676 $a657 701 $aGraham$b Cameron$0924734 701 $aNeu$b Dean$0924735 801 0$bMiAaPQ 801 1$bMiAaPQ 801 2$bMiAaPQ 906 $aBOOK 912 $a9910450385703321 996 $aAccounting research and the public interest$92075655 997 $aUNINA LEADER 04941oam 2201261 c 450 001 9910831885803321 005 20260302090207.0 010 $a9783839424087 010 $a3839424089 024 7 $a10.14361/transcript.9783839424087 035 $a(CKB)2550000001337602 035 $a(EBL)1914229 035 $a(SSID)ssj0001354543 035 $a(PQKBManifestationID)11880256 035 $a(PQKBTitleCode)TC0001354543 035 $a(PQKBWorkID)11327451 035 $a(PQKB)10180263 035 $a(SSID)ssj0001403802 035 $a(PQKBManifestationID)11890759 035 $a(PQKBTitleCode)TC0001403802 035 $a(PQKBWorkID)11368976 035 $a(PQKB)11400027 035 $a(MiAaPQ)EBC1914229 035 $a(DE-B1597)395430 035 $a(OCoLC)892891158 035 $a(OCoLC)903966595 035 $a(DE-B1597)9783839424087 035 $a(MiAaPQ)EBC6695226 035 $a(Au-PeEL)EBL6695226 035 $a(OCoLC)885022095 035 $a(transcript Verlag)9783839424087 035 $a(ScCtBLL)52ac5aae-39b6-4c2b-9b13-5ec54eeae2ba 035 $a(Perlego)1463149 035 $a(EXLCZ)992550000001337602 100 $a20260302h20142013 uy 0 101 0 $ager 135 $aur|n|---||||| 181 $ctxt 182 $cc 183 $acr 200 10$aNeubesetzungen des Kunst-Raumes$eFeministische Kunstausstellungen und ihre Räume, 1972-1987$fMonika Kaiser 205 $a1st ed. 210 $aBielefeld$ctranscript Verlag$d2014 210 $d2014, c2013 215 $a1 online resource (299 p.) 225 0 $aEdition Museum 300 $aDescription based upon print version of record. 311 08$a9783837624083 311 08$a3837624080 311 08$a9781306996372 311 08$a1306996376 320 $aIncludes bibliographical references. 327 $a1 Inhalt 5 Vorwort 7 1. Einleitung 11 2. Kunst-Raum und Geschlecht 23 3. Zur Brisanz des Privatraumes in Ku?nstlerinnenausstellungen am Anfang der 70er Jahre 27 4. Feministische Kunst-Ra?ume im Internationalen Jahr der Frau 83 5. Positionierungsversuche im Kunst-Raum 1976/77 127 6. Feministische Konzepte zu einer Erweiterung des Kunst-Raumes in den achtziger Jahren 171 7. Auf der Schwelle zur O?ffnung musealer Kunst-Ra?ume 237 8. Zusammenfassung und Ausblick 277 9. Bibliografie 287 298 330 $aWie stehen Kunst und weibliche Emanzipation in Zusammenhang? Mit einem Spannungsbogen von den hochpolitischen Anfängen feministischer Künstlerinnenausstellungen am Anfang der 1970er Jahre bis zu deren subversiven Ausläufern Mitte der 1980er Jahre stellt Monika Kaiser internationale Projekte wie Womanhouse (Judy Chicago), Magna Feminismus und Kunst mit Eigen-Sinn (Valie Export) sowie sechs weitere exemplarische Ausstellungen in einen neuen, am Raum orientierten Bedeutungszusammenhang.Unveröffentlichtes Quellenmaterial ermöglicht die Rekonstruktion konkreter Ausstellungsräume und gibt Einblick in einen bislang unterschätzten Teil emanzipatorischer Ausstellungskultur. 330 1 $aBesprochen in:Stichwort, 37 (2014), Marlene Haider 410 0$aEdition Museum ;$vBand 2. 517 2 $aKaiser, Neubesetzungen des Kunst-Raumes$eFeministische Kunstausstellungen und ihre Räume, 1972-1987 606 $aFeminismus und Kunst 606 $aArts 606 $aAusstellungsraum 606 $aMuseum 606 $aMuseumskunde 606 $aCultural History 606 $aArt History of the 20th Century 606 $aKünstlerinnen 606 $aGeschlechterforschung 1972-1987 606 $aMuseology 606 $aGender 606 $aGender Studies 606 $aVALIE EXPORT 606 $aFine Arts 606 $aWomanhouse 606 $aMagna Feminismus 606 $aKunst 606 $aKulturgeschichte 606 $aKunstgeschichte des 20. Jahrhunderts 606 $aMuseumswissenschaft 606 $aKunstwissenschaft 615 4$aFeminismus und Kunst 615 4$aArts 615 4$aAusstellungsraum 615 4$aMuseum 615 4$aMuseumskunde 615 4$aCultural History 615 4$aArt History of the 20th Century 615 4$aKünstlerinnen 615 4$aGeschlechterforschung 1972-1987 615 4$aMuseology 615 4$aGender 615 4$aGender Studies 615 4$aVALIE EXPORT 615 4$aFine Arts 615 4$aWomanhouse 615 4$aMagna Feminismus 615 4$aKunst 615 4$aKulturgeschichte 615 4$aKunstgeschichte des 20. Jahrhunderts 615 4$aMuseumswissenschaft 615 4$aKunstwissenschaft 676 $a701.03 686 $aLH 60250$2rvk 700 $aKaiser$b Monika$p
Monika Kaiser, Deutschland
$4aut$01013420 801 0$bDE-B1597 801 1$bDE-B1597 906 $aBOOK 912 $a9910831885803321 996 $aNeubesetzungen des Kunst-Raumes$92356732 997 $aUNINA